000 00673cab a2200217 4500
001 WB3030-09
008 090401t1994 xxu||||| |||| 00| 0 eng d
035 _a(Sirsi) u23622
041 _aeng
245 _aOpera house dream put on ice
260 _c1994
350 _a0
490 _aSunday Times
_vSunday Times 31 July 1994, 10(1)
520 _aPlans to rebuild the Royal Opera House have been postponed after a report by Stanhope Properties reveals a £20m overdraft by the project team.
650 _aCOVENT GARDEN
650 _aREDEVELOPMENT
650 _aROYAL OPERA HOUSE
690 _aPROPERTY-PROPERTY DEVELOPMENT
942 _n0
948 _c04/03/1997
999 _c15801
_d15801